[Event "DEM U10/U10w 2000"]
[Site "Überlingen GER"]
[Date "2000.06.08"]
[Round "8"]
[White "Rutz, Marco"]
[Black "Weber, Kristina"]
[Result "0-1"]
[Termination "normal"]
[Board "30"]
[WhiteElo "951"]
[BlackElo "704"]
[PlyCount "78"]
[EventCountry "GER"]
[EventRounds "11"]
[EventType "swiss"]
[EventDate "2000.06.03"]

1. b4 e5 2. Bb2 d6 3. e4 Nf6 4. d3 Be7 5. Nf3 O-O 6. Be2 b6 7. O-O Bb7 8. Nbd2
Nbd7 9. b5 c6 10. bxc6 Bxc6 11. Bc3 Qc7 12. Nc4 Bb5 13. Nfd2 d5 14. exd5 Nxd5
15. Bb2 Bb4 16. Na3 Ba4 17. Bf3 N7f6 18. Ndc4 Bc3 19. Bxc3 Nxc3 20. Qd2 Ncd5
21. Rfe1 Rfe8 22. Nb1 Bc6 23. Nc3 Nxc3 24. Bxc6 Qxc6 25. Qxc3 b5 26. Rxe5 Rxe5
27. Qxe5 bxc4 28. dxc4 Qxc4 29. Qb2 h6 30. Qb7 Qc8 31. Qb2 Rb8 32. Qc1 Qc5 33.
h3 Ne4 34. c4 Qxf2+ 35. Kh2 Rb2 36. Qg1 Qg3+ 37. Kh1 Nf2+ 38. Qxf2 Rxf2 39. Rg1
f5 0-1

[Event "DEM U10/U10w 2000"]
[Site "Überlingen GER"]
[Date "2000.06.08"]
[Round "8"]
[White "Benzen, Marthe"]
[Black "Wassilian, Diana"]
[Result "0-1"]
[Termination "normal"]
[Board "31"]
[WhiteElo "624"]
[BlackElo "889"]
[PlyCount "64"]
[WhiteFideId "24647764"]
[EventCountry "GER"]
[EventRounds "11"]
[EventType "swiss"]
[EventDate "2000.06.03"]

1. e4 e5 2. Nf3 Nc6 3. Bc4 Bc5 4. Nc3 Nf6 5. d3 d6 6. Bg5 h6 7. Bh4 g5 8. Bg3
a6 9. Nd5 Be6 10. Nxf6+ Qxf6 11. Bxe6 fxe6 12. c3 O-O-O 13. b4 Bb6 14. c4 Bd4
15. Rb1 h5 16. b5 axb5 17. cxb5 Ne7 18. Nxd4 exd4 19. b6 h4 20. Qc2 c6 21. Bxd6
Rxd6 22. Qc5 e5 23. Qa5 Rf8 24. Qa8+ Kd7 25. Qxb7+ Ke6 26. O-O g4 27. Qa6 h3
28. Qc4+ Kd7 29. gxh3 gxh3 30. Qa6 Qf3 31. Qb7+ Ke6 32. Qxe7+ Kxe7 0-1

[Event "DEM U10/U10w 2000"]
[Site "Überlingen GER"]
[Date "2000.06.08"]
[Round "8"]
[White "Zahn, Benno"]
[Black "Ahlers, Hendrik"]
[Result "0-1"]
[Termination "normal"]
[Board "32"]
[WhiteElo "883"]
[BlackElo "504"]
[PlyCount "138"]
[WhiteFideId "24636070"]
[EventCountry "GER"]
[EventRounds "11"]
[EventType "swiss"]
[EventDate "2000.06.03"]

1. e4 e5 2. Nf3 Nc6 3. Bc4 Bc5 4. c3 Nf6 5. d4 exd4 6. cxd4 Bb4+ 7. Nc3 O-O 8.
O-O d6 9. h3 Re8 10. Bg5 h6 11. Bh4 Na5 12. Bd3 a6 13. e5 dxe5 14. dxe5 g5 15.
exf6 gxh4 16. Nxh4 Qxf6 17. Qh5 Bxc3 18. bxc3 Re5 19. Qd1 Qxh4 20. Bc2 Bf5 21.
Bxf5 Rxf5 22. Qd7 Rc5 23. Rfe1 Qd8 24. Qa4 b6 25. Re3 Nb7 26. Rae1 Qd2 27. Re8+
Rxe8 28. Qxe8+ Kg7 29. Re7 Qf4 30. g3 Qf6 31. Re4 Nd6 32. Rg4+ Rg5 33. Qa4 Rxg4
34. Qxg4+ Kh7 35. f4 Qxc3 36. Qd7 Qxg3+ 37. Kh1 Qc3 38. a4 Kg7 39. Qg4+ Kf8 40.
Qh4 b5 41. Qxh6+ Ke7 42. Qh4+ f6 43. Qh7+ Kd8 44. Qg8+ Ne8 45. Qd5+ Nd6 46.
Qg8+ Kd7 47. Qg7+ Kc6 48. Qg2+ Kb6 49. Qf2+ Kb7 50. Qg2+ Qc6 51. axb5 Qxg2+ 52.
Kxg2 axb5 53. h4 Nf5 54. Kf2 Nxh4 55. Ke2 c5 56. Kd2 Ka6 57. Kc2 Ka5 58. f5
Nxf5 59. Kb2 Nd4 60. Ka2 b4 61. Kb2 c4 62. Ka2 Ka4 63. Kb2 f5 64. Ka2 f4 65.
Kb2 f3 66. Ka2 f2 67. Kb2 c3+ 68. Ka2 b3+ 69. Ka1 f1=Q# 0-1

[Event "DEM U10/U10w 2000"]
[Site "Überlingen GER"]
[Date "2000.06.08"]
[Round "8"]
[White "Collmann, Martin"]
[Black "Scheerer, Kim"]
[Result "1-0"]
[Termination "normal"]
[Board "33"]
[WhiteElo "496"]
[BlackElo "879"]
[PlyCount "73"]
[EventCountry "GER"]
[EventRounds "11"]
[EventType "swiss"]
[EventDate "2000.06.03"]

1. e4 e5 2. d4 exd4 3. c3 dxc3 4. Nxc3 Nc6 5. Bc4 Nf6 6. Nf3 d6 7. O-O h6 8.
Nd5 Bg4 9. h3 Bh5 10. Qd3 Be7 11. Re1 O-O 12. b4 a6 13. a3 b5 14. Bb3 Bxf3 15.
Qxf3 Ne5 16. Qg3 c5 17. Bxh6 Ng6 18. Bf4 Nxf4 19. Qxf4 c4 20. Bc2 Nxd5 21. exd5
Bg5 22. Qe4 g6 23. Qf3 Qf6 24. Qg4 Bh4 25. g3 Bg5 26. h4 Bh6 27. h5 Rae8 28.
hxg6 Qg7 29. f3 f6 30. Kf2 Re5 31. f4 Rxd5 32. Qe6+ Kh8 33. Qxd5 Qd7 34. Rh1
Qg7 35. Rxh6+ Qxh6 36. Rh1 Qxh1 37. Qxh1+ 1-0

[Event "DEM U10/U10w 2000"]
[Site "Überlingen GER"]
[Date "2000.06.08"]
[Round "8"]
[White "Armbrüster, Clemens"]
[Black "Fröschle, Luzie"]
[Result "1-0"]
[Termination "normal"]
[Board "34"]
[WhiteElo "584"]
[BlackElo "876"]
[PlyCount "109"]
[WhiteFideId "12969699"]
[BlackFideId "24631221"]
[EventCountry "GER"]
[EventRounds "11"]
[EventType "swiss"]
[EventDate "2000.06.03"]

1. e4 e5 2. Nf3 Nc6 3. Bc4 Bc5 4. b4 Bxb4 5. c3 Bc5 6. O-O Nf6 7. d4 Bd6 8.
dxe5 Bxe5 9. Nxe5 Nxe5 10. Bb3 d6 11. Bf4 O-O 12. Re1 Be6 13. Bxe6 fxe6 14.
Bxe5 dxe5 15. Qxd8 Raxd8 16. Na3 Rd7 17. f3 Rfd8 18. Nc4 Rd3 19. Rac1 Nd7 20.
Red1 Nc5 21. Rxd3 Nxd3 22. Rd1 c5 23. Nxe5 c4 24. Nxc4 Kf7 25. Ne5+ Nxe5 26.
Rxd8 b6 27. Ra8 Nc6 28. Rc8 Ne7 29. Rc7 a5 30. Rb7 Kf6 31. Rxb6 g5 32. Ra6 h5
33. Rxa5 h4 34. a4 Nc6 35. Ra6 Ne7 36. Ra7 Nc6 37. Ra6 Ne5 38. a5 Nc4 39. Ra8
Ke7 40. a6 Kd7 41. a7 Nb6 42. Rg8 Kc7 43. a8=Q Nxa8 44. Rxa8 Kc6 45. Rc8+ Kb7
46. Rc4 e5 47. Rb4+ Kc6 48. g3 h3 49. Ra4 Kb5 50. Ra7 Kb6 51. Rg7 Kc5 52. Rxg5
Kc4 53. Rxe5 Kxc3 54. g4 Kd4 55. Rf5 1-0

[Event "DEM U10/U10w 2000"]
[Site "Überlingen GER"]
[Date "2000.06.08"]
[Round "8"]
[White "Cammann, Tim"]
[Black "Bogner, Sebastian"]
[Result "0-1"]
[Termination "normal"]
[Board "35"]
[WhiteElo "266"]
[BlackElo "768"]
[PlyCount "92"]
[BlackFideId "4692055"]
[EventCountry "GER"]
[EventRounds "11"]
[EventType "swiss"]
[EventDate "2000.06.03"]

1. d4 d5 2. c4 e6 3. Nc3 Nf6 4. Bg5 Nbd7 5. Nf3 c6 6. e3 Qa5 7. a3 Ne4 8. b4
Bxb4 9. axb4 Qxb4 10. Qc2 Qxc3+ 11. Qxc3 Nxc3 12. Rc1 Ne4 13. Bd3 Nxg5 14. Nxg5
h6 15. Nf3 O-O 16. O-O Nf6 17. Nd2 Re8 18. f4 dxc4 19. Rxc4 Nd5 20. Rf3 Bd7 21.
e4 Nb6 22. Rb4 Rac8 23. Nb3 Rc7 24. g3 Rec8 25. Kg2 Be8 26. Bc2 Nd7 27. Bb1 b6
28. Rc4 c5 29. d5 exd5 30. exd5 Nf6 31. Bf5 Bb5 32. Rc2 Rd8 33. g4 Ba4 34. Rcc3
Bxb3 35. Rxb3 Rxd5 36. h4 c4 37. Rbe3 g6 38. Be4 Nxe4 39. Rxe4 c3 40. Re1 c2
41. Rff1 Rdc5 42. Rc1 b5 43. f5 gxf5 44. gxf5 b4 45. Kh3 b3 46. Rg1+ Kf8 0-1

[Event "DEM U10/U10w 2000"]
[Site "Überlingen GER"]
[Date "2000.06.08"]
[Round "8"]
[White "Ugur, Özgür"]
[Black "Winkelmann, Elena"]
[Result "0-1"]
[Termination "normal"]
[Board "36"]
[WhiteElo "183"]
[BlackElo "741"]
[PlyCount "54"]
[BlackFideId "24607630"]
[EventCountry "GER"]
[EventRounds "11"]
[EventType "swiss"]
[EventDate "2000.06.03"]

1. e4 d5 2. exd5 Qxd5 3. Nc3 Qa5 4. d4 Nf6 5. Bd2 c6 6. Bc4 Qd8 7. Nf3 Bg4 8.
O-O Bxf3 9. Qxf3 Qxd4 10. Bd3 e6 11. Be3 Qd8 12. Rfd1 Nbd7 13. Be4 Qc7 14. Rd3
Bc5 15. Rad1 Bxe3 16. Qxe3 O-O 17. Qd2 Nc5 18. Rg3 Ncxe4 19. Nxe4 Nxe4 20. Qe3
Nxg3 21. hxg3 Qb6 22. Qc3 Rfd8 23. Re1 Rd5 24. Re4 Rd1+ 25. Kh2 Qxf2 26. Kh3
Rh1+ 27. Kg4 Qf5# 0-1

[Event "DEM U10/U10w 2000"]
[Site "Überlingen GER"]
[Date "2000.06.08"]
[Round "8"]
[White "Marx, Heiner"]
[Black "Jakobi, Sabina"]
[Result "0-1"]
[Termination "normal"]
[Board "38"]
[WhiteElo "202"]
[BlackElo "713"]
[PlyCount "42"]
[EventCountry "GER"]
[EventRounds "11"]
[EventType "swiss"]
[EventDate "2000.06.03"]

1. e4 e5 2. Nf3 Nc6 3. Bc4 Bc5 4. d3 h6 5. c3 Qe7 6. O-O Qd6 7. b4 Bb6 8. Ba3
Qg6 9. b5 Na5 10. Qa4 Nxc4 11. Qxc4 d6 12. Ne1 Be6 13. Qa4 Nf6 14. Nd2 O-O 15.
Nc4 Bh3 16. Kh1 Bg4 17. Nxb6 cxb6 18. Bxd6 Rfc8 19. Bxe5 Be2 20. Rg1 Ng4 21.
Nf3 Nxf2# 0-1

[Event "DEM U10/U10w 2000"]
[Site "Überlingen GER"]
[Date "2000.06.08"]
[Round "8"]
[White "von Berg, Martin"]
[Black "Hoffmann, Lena"]
[Result "0-1"]
[Termination "normal"]
[Board "39"]
[WhiteElo "875"]
[BlackElo "233"]
[PlyCount "92"]
[BlackFideId "24626597"]
[EventCountry "GER"]
[EventRounds "11"]
[EventType "swiss"]
[EventDate "2000.06.03"]

1. e4 e5 2. Nf3 Nc6 3. Bc4 Nf6 4. d3 Bc5 5. O-O d6 6. c3 Bg4 7. Nbd2 O-O 8. Re1
d5 9. exd5 Nxd5 10. Nf1 Re8 11. h3 Bh5 12. Ng3 Bg6 13. b4 Bb6 14. Bb2 a6 15. a4
Qd6 16. Qd2 Ba7 17. d4 exd4 18. Nxd4 Bxd4 19. cxd4 Qxb4 20. Qxb4 Ncxb4 21. Ba3
Nc2 22. Rxe8+ Rxe8 23. Rc1 Nb6 24. Bxf7+ Kxf7 25. a5 Nc4 26. Bc5 Nxa5 27. Kh2
b6 28. f4 bxc5 29. f5 Bxf5 30. Nxf5 Nxd4 31. Nxd4 cxd4 32. Rxc7+ Kg8 33. Rd7
Nb3 34. Kg3 a5 35. h4 a4 36. Ra7 d3 37. Kf2 d2 38. Rd7 a3 39. g4 a2 40. h5 a1=Q
41. h6 gxh6 42. g5 Qe1+ 43. Kg2 Qe3 44. gxh6 Rf8 45. Kh2 Rf2+ 46. Kg1 Qe1# 0-1

[Event "DEM U10/U10w 2000"]
[Site "Überlingen GER"]
[Date "2000.06.08"]
[Round "8"]
[White "Neudert, Maximilian"]
[Black "Terwitte, Jakob"]
[Result "0-1"]
[Termination "normal"]
[Board "40"]
[WhiteElo "346"]
[BlackElo "831"]
[PlyCount "54"]
[EventCountry "GER"]
[EventRounds "11"]
[EventType "swiss"]
[EventDate "2000.06.03"]

1. e4 c5 2. Nf3 e6 3. d4 cxd4 4. Nxd4 Nf6 5. Nc3 Bb4 6. f3 O-O 7. e5 Nd5 8. Bd2
Bxc3 9. bxc3 Qc7 10. Ne2 Qxe5 11. f4 Qe4 12. Rb1 Nc6 13. f5 Qxf5 14. Ng3 Qe5+
15. Be2 Nxc3 16. Bxc3 Qxc3+ 17. Kf2 d5 18. Rf1 Qd4+ 19. Qxd4 Nxd4 20. Rb2 b6
21. Bd3 Bd7 22. Ne2 Nxe2 23. Kxe2 Rfe8 24. Rb4 e5 25. c3 Rac8 26. Rh4 g6 27. c4
e4 0-1

[Event "DEM U10/U10w 2000"]
[Site "Überlingen GER"]
[Date "2000.06.08"]
[Round "8"]
[White "Göllner, Stefanie"]
[Black "Lange, Jan-David"]
[Result "0-1"]
[Termination "normal"]
[Board "42"]
[WhiteElo "374"]
[BlackElo "1000"]
[PlyCount "148"]
[BlackFideId "24614963"]
[EventCountry "GER"]
[EventRounds "11"]
[EventType "swiss"]
[EventDate "2000.06.03"]

1. e4 e5 2. Nc3 Nf6 3. Nf3 Nc6 4. Bb5 Bb4 5. a3 Bxc3 6. dxc3 Nxe4 7. Bxc6 bxc6
8. Nxe5 Qe7 9. O-O Qxe5 10. Re1 O-O 11. Qg4 d5 12. Bf4 Bxg4 13. Bxe5 Rac8 14.
f3 f6 15. fxe4 fxe5 16. exd5 cxd5 17. Rxe5 c6 18. Re7 a6 19. Ra7 Ra8 20. Rc7
Rfc8 21. Re7 Bf5 22. Rc1 c5 23. Re5 Be4 24. b4 cxb4 25. cxb4 Rxc2 26. Rxc2 Bxc2
27. Rxd5 Kf7 28. Rc5 Bb3 29. Rc7+ Kf6 30. Rc6+ Be6 31. h3 h5 32. a4 Ke7 33. Rc5
g6 34. Rc7+ Kd8 35. Rc3 a5 36. bxa5 Rxa5 37. Rd3+ Kc7 38. Re3 Bd7 39. Re7 Kd6
40. Rg7 Bf5 41. g4 hxg4 42. hxg4 Be4 43. Rf7 Rxa4 44. Rf6+ Ke5 45. Rb6 Kf4 46.
Re6 Kxg4 47. Kf2 g5 48. Ke3 Kf5 49. Rb6 Ra3+ 50. Kd4 Rd3+ 51. Kc4 Rd5 52. Kc3
g4 53. Rb8 g3 54. Rf8+ Kg4 55. Rg8+ Rg5 56. Re8 Bh1 57. Re1 g2 58. Rg1 Kh3 59.
Rxg2 Rxg2 60. Kd4 Re2 61. Kd3 Re8 62. Kd4 Kg3 63. Kc5 Rd8 64. Kc4 Kf4 65. Kc5
Ke4 66. Kc4 Rc8+ 67. Kb5 Kd4 68. Kb6 Kd5 69. Kb5 Rb8+ 70. Ka4 Kc5 71. Ka3 Kc4
72. Ka2 Kc3 73. Ka1 Kc2 74. Ka2 Ra8# 0-1

[Event "DEM U10/U10w 2000"]
[Site "Überlingen GER"]
[Date "2000.06.08"]
[Round "8"]
[White "Gremmer, Jan"]
[Black "Farnbacher, Christa"]
[Result "0-1"]
[Termination "normal"]
[Board "49"]
[WhiteElo "855"]
[BlackElo "348"]
[PlyCount "104"]
[EventCountry "GER"]
[EventRounds "11"]
[EventType "swiss"]
[EventDate "2000.06.03"]

1. e4 c5 2. Nf3 Nc6 3. Nc3 Nf6 4. d3 g6 5. Bg5 Bg7 6. e5 Ng4 7. h3 Ngxe5 8.
Nxe5 Nxe5 9. Be2 O-O 10. Nd5 f6 11. Be3 b6 12. O-O Bb7 13. Nc3 Qc7 14. f4 Nf7
15. Bf3 Bxf3 16. Qxf3 e5 17. Nd5 Qd8 18. f5 g5 19. Rae1 Re8 20. c4 Nd6 21. Bd2
Bh6 22. Re2 b5 23. Qh5 Kg7 24. Rf3 bxc4 25. dxc4 Nxc4 26. Bc1 e4 27. Rg3 Re5
28. Nf4 Rxf5 29. h4 Kh8 30. Qxh6 Qe7 31. Nh5 Rg8 32. Nxf6 Rxf6 33. Qh5 Rfg6 34.
b3 Qe5 35. Rg4 Qa1 36. Re1 Ne3 37. Rxe4 Nc2 38. Re7 R6g7 39. Rxg7 Qxg7 40. Re2
Qd4+ 41. Kh2 Qd6+ 42. g3 Nd4 43. Rd2 Qf6 44. Bb2 Nf3+ 45. Kg2 Ne5 46. Re2 Qc6+
47. Kh2 d6 48. Qh6 Qd5 49. Qf6+ Rg7 50. Bxe5 dxe5 51. Rxe5 Qd2+ 52. Kh3 g4# 0-1